Hitler : (Record no. 26195)
[ view plain ]
| 000 -LEADER | |
|---|---|
| fixed length control field | 01027cam a2200325 a 4500 |
| 001 - CONTROL NUMBER | |
| control field | 26195 |
| 003 - CONTROL NUMBER IDENTIFIER | |
| rucl marc code | BD-RjUL |
| 005 - DATE AND TIME OF LATEST TRANSACTION | |
| control field | 20211209051001.0 |
| 008 - FIXED-LENGTH DATA ELEMENTS--GENERAL INFORMATION | |
| fixed length control field | 140320s1962 enkb b 00110beng d |
| 020 ## - INTERNATIONAL STANDARD BOOK NUMBER | |
| International Standard Book Number | 0140135642 |
| International Standard Book Number | 0140205640 |
| 035 ## - SYSTEM CONTROL NUMBER | |
| System control number | (BD-RjUL)26265 |
| System control number | (BD-RjUL) |
| 040 ## - CATALOGING SOURCE | |
| Modifying agency | AAWM |
| -- | NNPL |
| -- | SSLP |
| -- | ANL |
| Original cataloging agency | BD-RjUL |
| Language of cataloging | eng |
| Transcribing agency | BD-RjUL |
| 041 ## - LANGUAGE CODE | |
| Language code of text/sound track or separate title | eng |
| 082 1# - DEWEY DECIMAL CLASSIFICATION NUMBER | |
| Classification number | 943.086/0924 |
| Edition number | 19 |
| Author mark and year | BUH 1962 |
| 100 1# - MAIN ENTRY--PERSONAL NAME | |
| Personal name | Bullock, Alan, |
| Dates associated with a name | 1914-2004. |
| 9 (RLIN) | 71013 |
| 245 10 - TITLE STATEMENT | |
| Title | Hitler : |
| Remainder of title | a study in tyranny / |
| Statement of responsibility, etc. | Alan Bullock. |
| 260 ## - PUBLICATION, DISTRIBUTION, ETC. (IMPRINT) | |
| Place of publication, distribution, etc. | Harmondsworth, Middlesex : |
| Name of publisher, distributor, etc. | Penguin, |
| Date of publication, distribution, etc. | 1962. [Reprinted 1986] |
| 300 ## - PHYSICAL DESCRIPTION | |
| Pagination | 848 p. : |
| Illustrations | map ; |
| Size | 18 cm. |
| 490 1# - SERIES STATEMENT | |
| Series statement | Pelican books ; |
| Volume/sequential designation | A564 |
| 504 ## - BIBLIOGRAPHY, ETC. NOTE | |
| Bibliography, etc | Includes bibliographical references and index. |
| 600 10 - SUBJECT ADDED ENTRY--PERSONAL NAME | |
| Personal name | Hitler, Adolf, |
| Dates associated with a name | 1889-1945. |
| 650 #0 - SUBJECT ADDED ENTRY--TOPICAL TERM | |
| Topical term or geographic name as entry element | Heads of state |
| Geographic subdivision | Germany |
| General subdivision | Biography. |
| 9 (RLIN) | 80514 |
| 651 #0 - SUBJECT ADDED ENTRY--GEOGRAPHIC NAME | |
| Geographic name | Germany |
| General subdivision | History |
| Chronological subdivision | 1933-1945. |
| 9 (RLIN) | 80354 |
| 830 #0 - SERIES ADDED ENTRY--UNIFORM TITLE | |
| Volume number/sequential designation | A564. |
| Uniform title | Pelican book ; |
| 942 ## - ADDED ENTRY ELEMENTS (KOHA) | |
| Source of classification or shelving scheme | Dewey Decimal Classification |
| Koha item type | Books |
| Lost status | Source of classification or shelving scheme | Damaged status | Not for loan | Collection code | Permanent Location | Current Location | Shelving location | Date acquired | Source of acquisition | Cost, normal purchase price | Total Checkouts | Full call number | Date last seen | Copy number | Koha item type |
|---|---|---|---|---|---|---|---|---|---|---|---|---|---|---|---|
| Dewey Decimal Classification | Non-fiction | Central Library, University of Rajshahi | Central Library, University of Rajshahi | 10/08/1988 | Zeitlinger | 304.00 | 943.0860924 BUH 1986 | 20/03/2014 | C-4 | Books |